00822nam a2200229 a 450000100100000000500170001000800410002702000180006804000250008610000260011124500920013726000290022930000300025849000250028850400380031370000290035170000330038071000250041383000320043895201050047099900170057500004219220201002040010.0130905s2006 sp 000 0 spa d a9788447105946 aDO-SdBNPbspacBNPHU1 aKubota, Hiroji96920210aHiroji Kubota /cHiroji Kubota ;textos Alessandra Mauro ; traducción Carmen de Celis. aMadrid :bSalvat,c2006. a48 p. + 1 Lám ;c26 cm.1 aGrandes Fotógrafos aIncluye índice de fotografías1 aMauro, Alessandra9671161 aCelis, Carmen deetr.9691952 aMagnum Photos967117 0aGrandes Fotógrafos967118 001050718MOaGRbGRcCTd2013-11-19iLF1l0o p42192-10r2020-06-25w2020-06-25y1ZNo se presta c41681d41681